000 03660nkm0a2200493 4500
001 RU\NLR\bibl\2086890
005 20250806204542.0
020 _aRU
_b1052
_9ЛЕНИНГРАД В ВЕЛИКОЙ ОТЕЧЕСТВЕННОЙ ВОЙНЕ : Печать Ленинграда, 1941 - 1945 : каталог изданий, хранящихся в фондах Гос. Публ. б-ки, вып.2. Листовки, плакаты, открытки, альбомы / Гос. публ. б-ка им. М.Е. Салтыкова-Щедрина. - Ленинград, 1972
035 _a(NLR Aleph) 010198559
090 _a74470
_c74470
100 _a20131219d1942 u y0rusy50 ca
101 0 _arus
102 _aRU
116 _aiiyc||||||bi ae
135 _acrcn 024apaba
200 1 _a[Залп из орудий советского боевого корабля на реке Неве в Ленинграде]
_bИзоматериал
_eпочтовая карточка
210 _aЛенинград
_cВоенмориздат
_d1942
215 _a1 л.
_cцв. литогр.
_d10,2х14,1
300 _aНа обороте: Действующий Краснознаменный Балтийский флот
321 1 _aСражающийся Ленинград. Почтовая открытка = Postcard. Leningrad in strugle : энциклопедический каталог / А.Д. Гдалин, М.Р. Иванова ; [Союз проф. литераторов России и др.]. - Санкт-Петербург : Инфо-Да, 2007.
_c028
325 1 _aЭлектронная копия доступна в Электронной библиотеке РНБ
327 0 _aСоветские боевые корабли на реке Неве в Ленинграде; вид на Петропавловскую крепость
517 1 _aДействующий Краснознаменный Балтийский флот
532 1 3 _aЗалп из орудий советского боевого корабля на реке Неве в Ленинграде
_zrus
540 1 _aСоветские боевые корабли на реке Неве в Ленинграде; вид на Петропавловскую крепость
540 1 _aПетропавловская крепость (Ленинград)
606 1 _aБлокада Ленинграда
_z1941 - 1944
_xИзображение на почтовых открытках маркированных художественных
_z1941 - 1945
_2nlr_sh2
_3RU\NLR\auth\6601539002
686 _aЩ153(2Р=Рус)7-489
686 _aЩ153(2Р=Рус)7-3
801 0 _aRU
_bNLR
_c19720101
_gPSBO
801 1 _aRU
_bNLR
_c20131219
_gRCR
852 _aNLR
_bЛ3-310о
_j7/11
856 0 _uhttp://vivaldi.nlr.ru/lo000070306/view
856 1 _uhttp://vivaldi.nlr.ru/lo000070306/cover
856 2 _uhttp://vivaldi.nlr.ru/lo000070306/text
901 _eИзографические материалы
942 _cVISUAL
945 _aРоссийская национальная библиотека
980 _aBV
981 3 7 _a(37) Ленинград в Великой Отечественной войне
_b(37) Открытки блокадного Ленинграда
981 1 7 _a(17) Изографические материалы
_b(17) Открытки